000 01294namaa2200313 i 4500
003 EG-GICUC
005 20250804110244.0
008 250804s1998 ua ||||gr|||| 001 0 ara d
017 _a1997 / 8122
_bدار الكتب والوثائق القومية(مصر)
020 _a9975810396
040 _aEG-GiCUC
_bara
_cEG-GiCUC
_dEG-GiCUC
_erda
082 0 4 _221
_a414.3
_bT357k
092 0 4 _221
_a414.3
_bT357k
099 _a414.3 T357k
100 1 _aالثعالبى، أبى منصور
_eمؤلف.
245 1 2 _aالكناية والتعريض /
_bلأبي منصور عبد الملك بن محمد بن إسماعيل الثعالبي النيسابوري ؛ دراسة وشرح وتحقيق عائشة حسين فريد.
264 _aالقاهرة :
_bدار قباء،
_c1998.
300 _a256 صفحة ؛
_c24 سم
336 _2rdacontent
_atext
337 _2rdamedia
_aUnmediated
338 _2rdacarrier
_avolume
504 _aيشتمل على ارجاعات ببليوجرافية وكشاف
541 _aأ. د. جابر عصفور ؛
_bالقاهرة ؛
_cإهداء ؛
_d2024.
650 1 _aالبلاغة العربية
_xالبيان
_2qrmak
651 1 _2qrmak
700 1 _aفريد، عائشة حسين
_eمحقق.
905 _aAsmaa
942 _2ddc
_cBK
_e21
_n0
999 _c173320
_d173320